000 00542nam a2200181Ia 4500
003 GCL
008 140319s9999 xx 000 0 ara d
040 _aGCL /
_cGCL
082 0 4 _a811.094
_bم ق
100 1 _aمحمد الفيتورى
245 1 0 _aقوس الليل قوس النهار /
_cمحمد الفيتورى
300 _a155 ص
490 _a
650 0 4 _aالشعر العربى - دواوين وقصائد
650 0 4 _aالشعر العربى - العصر الحديث
650 0 4 _aالمجموعات
942 _2ddc
_cBK
999 _c41053
_d41053